000
00266nam a2200097Ia 4500
001
726603
005
20250826163432.0
008
250824s9999 xx 000 0 und d
245
0
_a
MÜREKKEP DENİZİNDE BİTMEYEN YOLCULUK
_c
ALİ ÜNLÜ
260
_b
ATLIKARINCA YAYINLARI
999
_c
726603
_d
726603